Pokémon des abonés de Redemption - Statistiques

Statistiques générales
  • Ce quiz a été pris 76 fois
    58 depuis la dernière actualisation
  • Le résultat moyen est 22 sur 78
Statistiques - réponses
Réponse % Correct
Froussardine
79%
Tropius
74%
Tauros
60%
Cliticlic
51%
Ronflex
47%
Ursaring
47%
Torterra
45%
Engloutyran
43%
Cacturne
40%
Astronelle
38%
Méga-Branette
38%
Galopa
36%
Craparoi
34%
Desséliande
34%
Eoko
34%
Limonde de Galar
34%
Mangriff
34%
Ampibidou
32%
Apireine
32%
Barbicha
32%
Dogrino
32%
Dolman
32%
Fermite
32%
Maganon
32%
Tartard
32%
Armaldo
30%
Avaltout
30%
Golémastoc
30%
Grodoudou
30%
Méloetta
30%
Roitiflam
30%
Tapatoès
30%
Zéblitz
30%
Absol
28%
Crabominable
28%
Ludicolo
28%
Wailord
28%
Yanméga
28%
Goupelin
26%
Manternel
26%
Nigosier
26%
Pomdrapi
26%
Rexillius
26%
Corboss
23%
Dratatin
23%
Kicklee
23%
Morpeko
23%
Némélios
23%
Octillery
23%
Artikodin de Galar
21%
Baggaïd
21%
Beldeneige
21%
Cerbyllin
21%
Méga-Blizzaroi
21%
Méga-Pharamp
21%
Neitram
21%
Noctunoir
21%
Simularbre
21%
Sorbouboul
21%
Drascore
19%
Flambusard
19%
Krakos
19%
M.Glaquette
19%
Brouhabam
17%
Canarticho
17%
Coatox
17%
Kravarech
17%
Tengalice
17%
Chelours
15%
Corayôme
15%
Gamblast
15%
Malamandre
15%
Charkos
13%
Motisma hélice
13%
Sépiatroce
13%
Solaroc
13%
Redemption
6%
Silvaliée
0%
Aucun quiz correspondant
Distribution des résultats
% des personnes avec chaque résultat
Percentile par nombre de réponses
Votre historique - résultats
Vous n’avez pas pris ce quiz depuis la dernière actualisation